000 01473nam a2200433 i 4500
001 bg
245 0 0 _aEncyklopedia audiowizualna Britannica :
_bzoologia.
_nCz. 2 /
_c[zespół aut. i tł. Wojciech Bresiński et al. ; zespół aut. siatki haseł i przygot. red. Marzena Demska, Dariusz Nowacki].
246 1 8 _aZoologia 2
260 _aPoznań :
_bWydawnictwo Kurpisz ;
_a[Warszawa] :
_bAxel Springer Polska,
_ccop. 2006.
300 _a157, [1] s. :
_bil. (w tym kolor.) ;
_c25 cm +
_edysk optyczny (DVD).
490 1 _aEncyclopædia Britannica
_vt. 10
500 _aU góry okł. nazwa czas.: Dziennik. Przygot. na podst.: Britannica - edycja polska.
546 _aTł. z ang.
650 9 _aZoologia
655 _aEncyklopedie
700 1 _aBresiński, Wojciech
_d(1948- ).
700 1 _aDemska, Marzena.
_eRed.
700 1 _aNowacki, Dariusz.
_eRed.
830 _aEncyclopædia Britannica
015 _aPB 9259/2007
020 _a8360563144
020 _a9788360563144
020 _a8360563047
020 _a9788360563045
020 _a159339330X
020 _a9781593393304
040 _cBPK
041 1 _apol
_heng
044 _aPOL
080 _a59(03)
920 _a83-60563-14-4 (ASP) :
_czł 29
920 _a978-83-60536-14-4
920 _a83-60563-04-7 (seria)
920 _a978-83-60563-04-5
920 _a1-59339-330-X (seria oryg.)
920 _a978-1-59339-330-4
942 _cKS
008 070220s2006 pl a e |000 0 pol
999 _c54785
_d54785
856 _uhttp://koha.tu.koszalin.pl/cgi-bin/koha/opac-detail.pl?biblionumber=54785
_yKatalog online BPK